El trabajo en la posmodernidad : (Registro nro. 65575)
[ vista simple ]
| 000 -LEADER | |
|---|---|
| fixed length control field | 00709nam a2200217 u 4500 |
| 001 - CONTROL NUMBER | |
| control field | 65575 |
| 005 - DATE AND TIME OF LATEST TRANSACTION | |
| control field | 20180714072952.0 |
| 008 - FIXED-LENGTH DATA ELEMENTS--GENERAL INFORMATION | |
| fixed length control field | 160622s2013 xx r 000 0 spa d |
| 020 ## - INTERNATIONAL STANDARD BOOK NUMBER | |
| International Standard Book Number | 9789506417666 |
| 041 0# - LANGUAGE CODE | |
| Language code of text/sound track or separate title | spa |
| 082 0# - DEWEY DECIMAL CLASSIFICATION NUMBER | |
| Classification number | 658.3 |
| Item number | MAI |
| 100 1# - MAIN ENTRY--PERSONAL NAME | |
| Personal name | Maison, Pablo, |
| Relator term | autor |
| 245 13 - TITLE STATEMENT | |
| Title | El trabajo en la posmodernidad : |
| Remainder of title | reflexiones y propuestas sobre las relaciones humanas en tiempos de la generación y / |
| Statement of responsibility, etc. | Pablo Maison. |
| 250 ## - EDITION STATEMENT | |
| Edition statement | Primera edición |
| 264 #1 - PRODUCTION, PUBLICATION, DISTRIBUTION, MANUFACTURE, AND COPYRIGHT NOTICE | |
| Place of production, publication, distribution, manufacture | Argentina : |
| Name of producer, publisher, distributor, manufacturer | Granica, |
| Date of production, publication, distribution, manufacture, or copyright notice | 2013 |
| 300 ## - PHYSICAL DESCRIPTION | |
| Extent | 174 páginas ; |
| Dimensions | 22 cm. |
| 336 ## - CONTENT TYPE | |
| Content type term | texto |
| Source | rdacontent |
| 337 ## - MEDIA TYPE | |
| Media type term | sin mediación |
| Source | rdamedia |
| 338 ## - CARRIER TYPE | |
| Carrier type term | volumen |
| Source | rdacarrier |
| 650 #4 - SUBJECT ADDED ENTRY--TOPICAL TERM | |
| Topical term or geographic name entry element | Relaciones laborales |
| Withdrawn status | Lost status | Source of classification or shelving scheme | Damaged status | Not for loan | Collection code | Home library | Current library | Shelving location | Date acquired | Source of acquisition | Inventory number | Total Checkouts | Full call number | Barcode | Date last seen | Date last checked out | Price effective from | Koha item type |
|---|---|---|---|---|---|---|---|---|---|---|---|---|---|---|---|---|---|---|
| Dewey Decimal Classification | General | Biblioteca Karol Wojtyla | Biblioteca Karol Wojtyla | Sala general | 22/06/2016 | Compra | 151000000000000000021825 | 1 | 658.3 MAI 2013 | 95767 | 05/01/2026 | 29/11/2021 | 22/06/2016 | Libro | ||||
| Dewey Decimal Classification | General | Biblioteca Karol Wojtyla | Biblioteca Karol Wojtyla | Sala general | 22/06/2016 | Compra | 151000000000000000021824 | 658.3 MAI 2013 | 95744 | 05/01/2026 | 19/07/2016 | 22/06/2016 | Libro |